Statistics for Every Akon song that hit the Billboard hot 100

Click here to take the quiz!

General Stats

  • This quiz has been taken 29 times
  • The average score is 10 of 37

Answer Stats

Peak Chart PositionYearSong% Correct
22006Smack That
85%
42005Lonely
77%
82008Right Now (Na Na Na)
69%
12007Don't Matter
65%
192008Beautiful
65%
12006I Wanna Love You
62%
82004Locked Up
54%
22007The Sweet Escape
42%
392011Hold My Hand
38%
72007Sorry, Blame It On Me
38%
292011Who Dat Girl
31%
562010Angel
27%
312008I'm So Paid
27%
142007Hypnotized
27%
52010Sexy Chick
27%
302005Belly Dancer (Bananza)
23%
52007Bartender
23%
52008Dangerous
23%
302011I Just Had Sex
19%
922005Ghetto
19%
282007We Takin' Over
19%
122008Sweetest Girl (Dollar Bill)
19%
62007I Tried
15%
642013Play Hard
15%
142008What You Got
12%
812008Wanna Be Startin' Somethin' 2008
12%
42005Soul Survivor
12%
192005Baby I'm Back
8%
342010Kush
8%
382008Out Here Grindin
8%
412008Get Buck In Here
8%
422007Body On Me
8%
952007Still Will
8%
972008Troublemaker
8%
542010Move That Body
4%
872012Let It Go
4%
422010Shut It Down
0%

Score Distribution

Percentile by Number Answered

Percent of People with Each Score

Your Score History

You have not taken this quiz